Decision Techology : Modeling, Software, and Applications /
Obra en que se explican las principales técnicas de modelado y el software que se pueden utilizar como parte de la tecnología para la toma de decisiones: programación matemática, análisis de decisiones, simulación y análisis de proyectos. Se ofrecen los conceptos básicos de cada técnica para que el...
Αποθηκεύτηκε σε:
| Κύριος συγγραφέας: | |
|---|---|
| Άλλοι συγγραφείς: | |
| Μορφή: | Βιβλίο |
| Γλώσσα: | Αγγλικά |
| Έκδοση: |
Hoboken, EUA :
Wiley,
2003, c2003
|
| Θέματα: | |
| Ετικέτες: |
Δεν υπάρχουν, Καταχωρήστε ετικέτα πρώτοι!
|
MARC
| LEADER | 00000nam^a2200000^a^4500 | ||
|---|---|---|---|
| 001 | 000154163 | ||
| 005 | 20250521000000.0 | ||
| 009 | 20260310100343.976 | ||
| 020 | |a 0-471-42902-3 | ||
| 037 | |a Acervo ITESO - Biblioteca | ||
| 041 | |a ING | ||
| 082 | |a 658. 403 |b LIB | ||
| 100 | |a Liberatore, Matthew J. |e (autor) | ||
| 245 | 1 | 0 | |a Decision Techology : |b Modeling, Software, and Applications / |c M.J. Liberatore, R. Nydick ; pról. de Saul I. Gass. |
| 264 | 4 | |a Hoboken, EUA : |b Wiley, |c 2003, c2003 | |
| 300 | |a X, 386 p. + |e 1 disco compacto de computadora | ||
| 336 | |a texto |b txt |2 rdacontenido | ||
| 337 | |a sin mediación |b n |2 rdamedio | ||
| 338 | |a volumen |b nc |2 rdasoporte | ||
| 520 | |a Obra en que se explican las principales técnicas de modelado y el software que se pueden utilizar como parte de la tecnología para la toma de decisiones: programación matemática, análisis de decisiones, simulación y análisis de proyectos. Se ofrecen los conceptos básicos de cada técnica para que el usuario pueda decidir, de manera inteligente, sobre cómo y cuándo es apropiado el uso de un modelo y un programa específico. Los paquetes de cómputo aquí explicados son: Microsoft Project 2002, LINGO, Expert Choice y Extend Software. | ||
| 649 | |a XX | ||
| 650 | |a Información - |x Administración | ||
| 650 | |a Toma de Decisiones - |x Análisis de Información | ||
| 650 | |a Análisis de Datos | ||
| 650 | |a Análisis de Sistemas | ||
| 650 | |a Modelos (Metodología) | ||
| 650 | |a Métodos de Simulación | ||
| 650 | |a Programación (Matemáticas) | ||
| 650 | |a Paquetes (Software) | ||
| 650 | |a Toma de Decisiones - |x Metodología | ||
| 650 | |a Investigación de Operaciones - |x Metodología | ||
| 650 | |a Proceso Administrativo - |x Dirección | ||
| 650 | |a Automatización | ||
| 650 | |a Sistemas de Información | ||
| 650 | |a Sistemas Computacionales | ||
| 650 | |a Informática | ||
| 650 | |a Administración | ||
| 650 | |a Ingeniería Computacional | ||
| 650 | |a Ciencias Administrativas | ||
| 700 | |a Nydick, Robert |e (autor) | ||
| 910 | |a Fondo General | ||
| 920 | |a Impresos - Libros | ||
| 930 | |a Colección General | ||
| 905 | |a 101 | ||
| 901 | |a 0500086247 |b IT1 |c ACC |u 20250521 | ||
| 901 | |a 0500086244 |b IT2 |c SWS |u 20250521 | ||
| 902 | |a https://opac.biblio.iteso.mx/vufind/Record/000154163 | ||